000 00602cam a22002174a 4500
001 sa 65009696
003 DLC
005 20260227112203.0
008 941020s1963 bg a 000 0 beno
010 _asa 65009696
025 _aPL480:EP-B-846
035 _a(OCoLC)31322403
040 _aDLC
_cDLC
050 0 0 _aHQ46
_b.J38 1963
100 0 _aJasīma Uddīna.
245 1 0 _aPraẏojanīẏa gopana kathā /
_cJasima Uddīna.
260 _aḌhāka :
_bBula Bula Sāhitya Kuṭira,
_c1963.
300 _a144 p. :
_bill. ;
_c19 cm.
546 _aIn Bengali.
650 0 _aSex instruction for women.
999 _c66361
_d66361